| 000 | 00422nam a22001697a 4500 | ||
|---|---|---|---|
| 003 | CEME | ||
| 005 | 20210628202732.0 | ||
| 008 | 210204b xxu||||| |||| 00| 0 eng d | ||
| 040 | _c. | ||
| 082 | _a891.4395 WAS | ||
| 100 |
_aWasif Ali Wasif _92946 |
||
| 245 | _aGumnam adeeb | ||
| 260 |
_aLAHORE _bKASHIF PUBLISHER _c1997 |
||
| 300 | _a271P | ||
| 650 |
_aURDU ADAB-LETTERS OF WASIF ALI WASIF _961332 |
||
| 942 |
_cBK _2ddc |
||
| 999 |
_c570819 _d570819 |
||